| 000 | 00576cam a2200169 4500 | ||
|---|---|---|---|
| 001 | X128866 | ||
| 008 | 050222n1897 000 0 eng u | ||
| 035 | _a(Sirsi) u128866 | ||
| 245 | 4 | _aThe new buildings | |
| 260 | _c1897 | ||
| 490 |
_aSurveyors Institution Transactions _v29 1896-97, 470-471(2) |
||
| 520 | _aReports on the selection of Foster and Dicksee as contractors for the construction of the new buildings at 12 Great George Street to the designs of Alfred Waterhouse. | ||
| 590 | _aGGS | ||
| 650 | _a12 GREAT GEORGE STREET | ||
| 690 | _aRICS NEWS | ||
| 942 | _n0 | ||
| 999 |
_c74829 _d74829 |
||